000 00486cam a2200193ua 4500
001 11601
008 191011n ii |||gr||||Z||||||eng
020 _a9780199456147
040 _cMAIN
041 _aeng
082 _a005
100 _aReema Thareja,
_eAuthor.
245 _aProgramming in c
_cBy Reema Thareja
250 _a4th imp.
260 _aNew Delhi:
_bOxford university press,
_c2017.
300 _a466p.
653 _aComputer programming, programs & data
942 _cBK
999 _c10420
_d10420